| 000 | 00688nam a22002057a 4500 | ||
|---|---|---|---|
| 003 | 0 | ||
| 005 | 20250915115543.0 | ||
| 008 | 250915b xxu||||| |||| 00| 0 eng d | ||
| 020 | _a978-1-03-248977-3 | ||
| 050 |
_aJA 85 _b.P65 2024 |
||
| 245 |
_aPolitical communication, culture, and society / _cedited by Patricia Moy and Rico Neumann. |
||
| 260 |
_aNew York, NY : _bRoutledge, _c2024. |
||
| 300 |
_axxv, 258 pages : _billustrations ; _c23 cm. |
||
| 504 | _aIncludes bibliographical references and index. | ||
| 650 | _aCommunication in politics. | ||
| 650 |
_aMass media _xPolitical aspects. |
||
| 650 |
_aPublic opinion _xPolitical aspects. |
||
| 650 | _aPopulism. | ||
| 942 |
_2lcc _cBK |
||
| 999 |
_c367948 _d367948 |
||